000 00722nam a2200205 i 4500
001 153782
003 ES-MaACL
005 20250827062633.0
008 931025s1879 sp |||| | spa d
110 1 _aEspaña
_93622
240 0 0 _aLeyes, etc.
245 1 0 _aManual de la Legislación de Bolsa /
_cpublicado por la Junta Sindical del Colegio de Agentes de Cambios de Madrid.
260 _aMadrid :
_b[s.n.],
_c1879 (
_fImp. de Moya y Plaza)
300 _aVIII, 352 p. ;
_c19 cm.
700 0 1 _aMoya y Plaza,
_eimp.
_9130262
710 1 1 _aMadrid.
_bLa Junta Sindical del Colegio de Agentes de Cambios.
_9134673
752 _aEspaña -
_dMadrid
852 _aES-MaACL
_jD-2697
_z-- Enc. tela
999 _c153782
_d153782